Eritrea Regions 2022 (Map) - Statistics

General Stats
  • This quiz has been taken 271 times
  • The average score is 11 of 15
Answers on the Map
Answers color-coded by a green-red scale on the quiz's map according to % correct below.
 
Answer Stats
Answer % Correct
Northern Red Sea
86%
Northern Red Sea
86%
Northern Red Sea
86%
Northern Red Sea
86%
Northern Red Sea
86%
Northern Red Sea
86%
Southern Red Sea
84%
Southern Red Sea
84%
Southern Red Sea
84%
Southern Red Sea
84%
Southern Red Sea
84%
Anseba
62%
Gash-Barka
57%
Debub
42%
Maekel
36%
No matching quizzes found
Score Distribution
Percent of People with Each Score
Percentile by Number Answered
Your Score History
You have not taken this quiz